| 000 | 01066nac a22002771u 4500 | ||
|---|---|---|---|
| 010 | _a 2007035661 | ||
| 020 | _a9780071283110 | ||
| 020 | _a0071283110 | ||
| 082 | 0 | 0 |
_a651.7 _bLOC |
| 090 |
_c8784 _d8784 |
||
| 100 | _aLocker, Kitty O. | ||
| 245 | 1 | 0 |
_aBusiness and administrative communication / _cKitty O. Locker, Donna S. Kienzler. |
| 250 | _a8th ed. | ||
| 260 |
_aBoston : _bMcGraw-Hill,2008 _c2008. |
||
| 300 |
_a701p.: _bcol. ill.; _c27 cm. |
||
| 500 | _aIncludes index. | ||
| 500 | _adistributer: Baccah | ||
| 511 | _acatalogued by: wessam | ||
| 650 | 0 | _aBusiness communication. | |
| 650 | 0 | _aCommunication in management. | |
| 700 | 1 | _aKienzler, Donna S. | |
| 856 | 4 | 2 |
_3Contributor biographical information _uhttp://www.loc.gov/catdir/enhancements/fy0743/2007035661-b.html |
| 856 | 4 | 2 |
_3Table of contents only _uhttp://www.loc.gov/catdir/enhancements/fy0743/2007035661-t.html |
| 856 | 4 | 2 |
_3Publisher description _uhttp://www.loc.gov/catdir/enhancements/fy0804/2007035661-d.html |
| 942 |
_cBB _k651.7LOC |
||
| 999 |
_c8784 _d8784 |
||